| 000 | 00757nam a2200205Ia 4500 | ||
|---|---|---|---|
| 003 | GCL | ||
| 008 | 140319s9999 xx 000 0 ara d | ||
| 040 |
_aGCL / _cGCL |
||
| 082 | 0 | 4 |
_a252.2 _bم ص |
| 100 | 1 | _aمحمد ناصر الدين الالبانى | |
| 245 | 1 | 0 |
_aصفة صلاة النبى صلى الله عليه وسلم : _bمن التكبير الى التسليم كانك تراها / _cمحمد ناصر الدين الالبانى |
| 250 | _aالحادية عشرة | ||
| 260 |
_aالقاهرة : _bالمكتب الاسلامى ، _c1983 |
||
| 300 |
_a200 ص ؛ _c24 سم |
||
| 490 | _a | ||
| 650 | 0 | 4 | _aالسيرة النبوية |
| 650 | 0 | 4 | _aالصلاة |
| 650 | 0 | 4 | _aالعبادات( فقه اسلامى ) |
| 942 |
_2ddc _cBK |
||
| 999 |
_c52641 _d52641 |
||